| 000 | 00362nam a22001457a 4500 | ||
|---|---|---|---|
| 005 | 20251007153334.0 | ||
| 008 | 250930b |||||||| |||| 00| 0 eng d | ||
| 020 | _a978-93-48189-49-3 | ||
| 041 | _aeng | ||
| 100 |
_aCHATURVEDI, YATINDRA NATH _98711 |
||
| 245 | _aRAMAYAN KI BASTI | ||
| 260 |
_aUTTAR PRADESH _bAKSHAR PLANT _c2024 |
||
| 300 | _a168;P | ||
| 942 | _cBK | ||
| 999 |
_c8873 _d8871 |
||